Miasta satelickie - Statystyki

Ogólne statystyki
  • Ten quiz został rozwiązany 287 razy
  • Średni wynik to 13 z 20
Statystyki odpowiedzi
Miasto satelickie Ośrodek miejski % Poprawnych
Pabianice Łódź
91%
Rumia Gdynia
90%
Niepołomice Kraków
87%
Police Szczecin
86%
Świdnik Lublin
81%
Skawina Kraków
80%
Józefów Warszawa
79%
Mikołów Katowice / Ruda Śląska / Tychy
73%
Swarzędz Poznań
72%
Zielonka Warszawa
70%
Olsztyn Częstochowa
60%
Luboń Poznań
60%
Knurów Gliwice
57%
Boguchwała Rzeszów
56%
Radzionków Bytom / Piekary Śląskie
48%
Szczawno-Zdrój Wałbrzych
48%
Wasilków Białystok
46%
Radlin Rybnik
41%
Tyczyn Rzeszów
31%
Czerwieńsk Zielona Góra
31%
Nie znaleziono quizów pasujących do podanych kryteriów
Rozkład punktacji
Procent ludzi z każdym wynikiem
Percentyl według liczby udzielonych odpowiedzi
Twoja historia wyników
Nie rozwiązałeś tego quizu